| 000 | 004390000a22001690004500 | ||
|---|---|---|---|
| 003 | MACL | ||
| 005 | 20160112152140.0 | ||
| 008 | 160112b xxu||||| |||| 00| 0 eng d | ||
| 040 |
_aMACL _cMACL |
||
| 041 | _aEnglish | ||
| 082 | _a923/TRA | ||
| 100 |
_aTranquillus, C Suetonius _931455 |
||
| 245 | _aThe Lives of The Twelve Caesars | ||
| 260 |
_bG Bell & Sons Ltd _c1911 _aLondon |
||
| 650 |
_aBiography _931456 |
||
| 942 |
_cBK _k923/TRA _2ddc |
||
| 999 |
_c38982 _d38982 |
||